La Etica protestante y el espíritu del capitalismo /
Shranjeno v:
| Glavni avtor: | |
|---|---|
| Drugi avtorji: | |
| Format: | Texto |
| Teme: | |
| Oznake: |
Označite
Brez oznak, prvi označite!
|
MARC
| LEADER | 00000 a a2200000 04500 | ||
|---|---|---|---|
| 001 | 9642 | ||
| 003 | |||
| 040 | |||
| 100 | |a Weber, Max | ||
| 245 | |a La Etica protestante y el espíritu del capitalismo / |c Max Weber | ||
| 500 | |a Notas críticas a cargo de Francisco Gil Villegas M | ||
| 650 | |a CAPITALISMO | ||
| 650 | |a PROTESTANTISMO | ||
| 650 | |a RACIONALIZACION | ||
| 700 | |a Legaz Lacamba, Luis |a trad | ||
| 773 | |g volumen 6 -7, número 26 -27; páginas 99-115 | ||
| 999 | |c 23895 |d 23895 | ||
